A history of the Sikhs : (Record no. 21927)

MARC details
000 -LEADER
fixed length control field 01103cam a22002891 4500
001 - CONTROL NUMBER
control field 10123763
003 - CONTROL NUMBER IDENTIFIER
control field BDDh-ASL
005 - DATE AND TIME OF LATEST TRANSACTION
control field 20231015030049.0
008 - FIXED-LENGTH DATA ELEMENTS--GENERAL INFORMATION
fixed length control field 771222s1918 enkbj 000 0 eng
010 ## - LIBRARY OF CONGRESS CONTROL NUMBER
LC control number 19014932
035 ## - SYSTEM CONTROL NUMBER
System control number (OCoLC)3509155
040 ## - CATALOGING SOURCE
Original cataloging agency DLC
Transcribing agency OT
Modifying agency OCoLC
-- DLC
-- BDDh-ASL
042 ## - AUTHENTICATION CODE
Authentication code premarc
050 00 - LIBRARY OF CONGRESS CALL NUMBER
Classification number DS485.P3
Item number C9 1918
082 ## - DEWEY DECIMAL CLASSIFICATION NUMBER
Classification number 954.5
Item number CUH
100 1# - MAIN ENTRY--PERSONAL NAME
Personal name Cunningham, Joseph Davey,
Dates associated with a name 1812-1851.
245 12 - TITLE STATEMENT
Title A history of the Sikhs :
Remainder of title from the origin of the nation to the battles of the Sutlej /
Statement of responsibility, etc. by Joseph Davey Cunningham, ed. by H. L. O. Garrett.
250 ## - EDITION STATEMENT
Edition statement New and rev. ed. with two maps.
260 ## - PUBLICATION, DISTRIBUTION, ETC.
Place of publication, distribution, etc. London :
-- New York [etc.]
Name of publisher, distributor, etc. H. Milford, Oxford University Press,
Date of publication, distribution, etc. 1918.
300 ## - PHYSICAL DESCRIPTION
Extent lii, 429 p. :
Other physical details front., fold. map, fold. geneal. tab.
Dimensions 20 cm.
504 ## - BIBLIOGRAPHY, ETC. NOTE
Bibliography, etc. note "Bibliographical note on the Cunningham family": p. [xiv]-xvi.
504 ## - BIBLIOGRAPHY, ETC. NOTE
Bibliography, etc. note Bibliography: p. [xvii]-xix.
650 #0 - SUBJECT ADDED ENTRY--TOPICAL TERM
Topical term or geographic name entry element Sikhs
700 1# - ADDED ENTRY--PERSONAL NAME
Personal name Garrett, H. L. O.
Fuller form of name (Herbert Leonard Offley),
Dates associated with a name 1881-1941,
Relator term ed.
906 ## - LOCAL DATA ELEMENT F, LDF (RLIN)
a 7
b cbc
c oclcrpl
d u
e ncip
f 19
g y-gencatlg
942 ## - ADDED ENTRY ELEMENTS (KOHA)
Source of classification or shelving scheme Dewey Decimal Classification
Koha item type Books
Holdings
Withdrawn status Lost status Source of classification or shelving scheme Damaged status Not for loan Collection code Home library Current library Shelving location Date acquired Source of acquisition Total Checkouts Full call number Barcode Date last seen Copy number Price effective from Koha item type Public note
    Dewey Decimal Classification     Non-fiction Asiatic Society Library Asiatic Society Library General Stacks 02/16/2021 ASB Library Collections   954.5 CUH 105966 02/16/2021 C-1 02/16/2021 Books RARE

Powered by Koha